| 000 | 00556nam a2200193Ia 4500 | ||
|---|---|---|---|
| 008 | 220216s9999 xx 000 0 und d | ||
| 100 | _aReghu C.P. | ||
| 245 | 0 | _aVariation in strength properties of wood of ten selected clones of Hevea brasiliensis | |
| 260 |
_bJournal of Plantation Crops _c2010 |
||
| 300 | _a10-Jul | ||
| 650 | _aClonal variability | ||
| 650 | _aHevea brasiliensis | ||
| 650 | _aRubber wood | ||
| 650 | _aStrength properties | ||
| 700 | _aMarattukalam J.G. | ||
| 700 | _aThomas Jimmy | ||
| 700 | _aVarghese Y.A. | ||
| 942 | _cBS | ||
| 999 |
_c51863 _d51863 |
||